000 00812nam a2200241 i 4500
001 178769
003 ES-MaACL
005 20250809101630.0
008 110617s2007 sp |||| | spa d
020 _a978-84-611-6658-9
080 _a323.32
080 _a338.246.025
100 1 _aDiego, Enrique de.
_944541
245 1 3 _aEl manifiesto de las clases medias
_b: www.elmanifiestodelasclasesmedias.com /
_cEnrique de Diego.
250 _a2ª ed.
260 _a[Madrid] :
_bRambla,
_c2007.
300 _a93 p. ;
_c19 cm.
650 7 _aClase media
_2embne
_9147233
650 7 _aEconomía de mercado
_2embne
_912025
852 _aES-MaACL
_jA-11299
_9185630
_bR.145571
_cDEPO1
_dOlim: N-4303
_xDonación: Editorial
942 _2udc
_cMONOGRAFIA
999 _c178769
_d178769